000 00796cam a2200229 a 4500
001 3768882
005 20250130173514.0
008 840403s1984 tnua b 001 0 eng
020 _a0687024927
050 0 0 _aBV4012.2
_b.C528 1984
082 0 0 _a253.5
_219
100 1 _aClinebell, Howard John,
_d1922-
245 1 0 _aBasic types of pastoral care & counseling :
_bresources for the ministry of healing and growth /
_cHoward Clinebell.
250 _aRev. and enl.
260 _aNashville :
_bAbingdon Press,
_c1984.
300 _a463 p. :
_bill. ;
_c23 cm.
500 _aRev. ed. of: Basic types of pastoral counseling. 1966.
650 0 _aPastoral counseling.
650 0 _aPastoral care.
700 1 _aClinebell, Howard John,
_d1922-
_tBasic types of pastoral counseling.
942 _2lcc
_cBK
_n0
999 _c3271
_d3271